Answers Contain "American" 🇺🇸 - Statistics

General Stats
  • This quiz has been taken 408 times
    46 since last reset
  • The average score is 14 of 26
Answer Stats
Hint Answer % Correct
Sport played in the NFL American football
100%
Fort Worth company with over 300 737s American Airlines
84%
U.S. national ethos in which freedom allows hard work to result in success American Dream
82%
1971 Don McLean song or 1999 comedy movie American Pie
82%
U.S. territory in the Pacific Ocean American Samoa
82%
2002: This singing competition TV show debuts American Idol
70%
2005: This animated Seth MacFarlane sitcom debuts American Dad!
68%
2004 Green Day album and song American Idiot
66%
1991 Bret Easton Ellis novel about killer Patrick Bateman (with 2000 film) American Psycho
61%
1930 painting by Grant Wood American Gothic
59%
2014 Clint Eastwood film about Iraq War veteran Chris Kyle American Sniper
57%
1999 Kevin Spacey film about a suburban father's midlife crisis American Beauty
55%
1973 George Lucas coming-of-age film American Graffiti
55%
US clothing retailer (or airline code share brand name) American Eagle
50%
1970 rock song by the Guess Who American Woman
50%
Forbes named this financial services brand the world's 23rd most valuable. American Express
48%
1998 Edward Norton film about racism American History X
45%
1995 romantic comedy-drama starring Michael Douglas and Annette Bening The American President
43%
1955 Graham Greene novel that takes place in Vietnam (1958 and 2002 films) The {Quiet} American
43%
1975 David Bowie soul album and song {Young} Americans
41%
1980 neo-noir crime thriller starring Richard Gere American {Gigolo}
34%
1989–1996: TV series in which "contenders" face off against each other American Gladiators
34%
2011–present: Scary anthology series on FX American Horror Story
34%
1986 animated Don Bluth musical about mice emigrating to the U.S. An American Tail
32%
2013 Oscar-nominated Christian Bale film inspired by the FBI Abscam operation American {Hustle}
27%
2007 Denzel Washington and Russell Crowe film about a drug smuggler American {Gangster}
25%
No matching quizzes found
Score Distribution
Percent of People with Each Score
Percentile by Number Answered
Your Score History
You have not taken this quiz since the last reset